[Event "23. Torneo San Viator"]
[Site "Madrid ESP"]
[Date "2014.10.26"]
[Round "5.42"]
[White "Moreno Sanchez, Guillermo"]
[Black "Del Rio Perezagua, Mario"]
[Result "1/2-1/2"]
[WhiteElo "1629"]
[BlackElo "1348"]
[PlyCount "182"]
[EventDate "2014.09.28"]
[EventType "swiss"]
[EventRounds "9"]
[EventCountry "ESP"]
[SourceTitle "Ajedrez en Madrid"]
[Source "lmi"]
[SourceDate "2014.09.28"]
[SourceVersion "1"]
[SourceVersionDate "2014.12.18"]
[SourceQuality "1"]

1. d4 d5 2. Nf3 e6 3. Bg5 Be7 4. Bf4 Nf6 5. e3 Nbd7 6. c4 c6 7. Bd3 Ne4 8. Qc2
f5 9. O-O O-O 10. cxd5 cxd5 11. Nc3 a6 12. Rac1 Ndf6 13. Bxe4 fxe4 14. Ne5 Nh5
15. Ne2 Nxf4 16. Nxf4 Bd6 17. a3 Qf6 18. Qc3 Bxe5 19. dxe5 Qf5 20. Qc7 Rf7 21.
Qd8+ Rf8 22. Qd6 h5 23. Rc7 Rf7 24. Qd8+ Rf8 25. Qe7 Rf7 26. Qe8+ Rf8 27. Qxh5
Rf7 28. Qxf5 Rxf5 29. Ng6 Kh7 30. Ne7 Rf7 31. Rxc8 Rxc8 32. Nxc8 Rc7 33. Nd6 b5
34. h3 Rc2 35. Rb1 Kg6 36. h4 Kh5 37. g3 g5 38. hxg5 Kxg5 39. Kg2 Kg4 40. b3
Kg5 41. a4 b4 42. a5 Kg4 43. Nb5 axb5 44. Ra1 Rc7 45. a6 Ra7 46. Ra5 Kf5 47.
Rxb5 Rxa6 48. Rxb4 Ra8 49. Rb6 Kxe5 50. b4 Rg8 51. b5 Kf5 52. Rb7 Kg6 53. b6
Re8 54. Rc7 Rb8 55. b7 Kf6 56. g4 Kg6 57. Kg3 Kf6 58. Rd7 Rg8 59. Rc7 Rb8 60.
Rd7 Rg8 61. Kf4 e5+ 62. Kg3 Ke6 63. Rc7 Rb8 64. Rh7 Kf6 65. Kh4 d4 66. exd4
exd4 67. Kg3 Ke5 68. Rh5+ Ke6 69. Kf4 Rxb7 70. Kxe4 Rf7 71. Re5+ Kd6 72. f4 Kc6
73. f5 Rg7 74. Re6+ Kd7 75. Rg6 Rxg6 76. fxg6 Ke7 77. g7 Kf7 78. Kxd4 Kxg7 79.
Ke5 Kg6 80. Kf4 Kf6 81. Kf3 Kg5 82. Kg3 Kg6 83. Kh4 Kh6 84. g5+ Kg6 85. Kg4 Kg7
86. Kh5 Kh7 87. g6+ Kg8 88. Kh6 Kh8 89. Kg5 Kg7 90. Kf5 Kg8 91. Kf6 Kf8 1/2-1/2

[Event "23. Torneo San Viator"]
[Site "Madrid ESP"]
[Date "2014.10.26"]
[Round "5.43"]
[White "Del Noval Nemeshazi, Mario"]
[Black "Mateos Cordero, Francisco"]
[Result "0-1"]
[WhiteElo "1309"]
[BlackElo "1611"]
[PlyCount "60"]
[EventDate "2014.09.28"]
[EventType "swiss"]
[EventRounds "9"]
[EventCountry "ESP"]
[SourceTitle "Ajedrez en Madrid"]
[Source "lmi"]
[SourceDate "2014.09.28"]
[SourceVersion "1"]
[SourceVersionDate "2014.12.18"]
[SourceQuality "1"]

1. d4 d5 2. c4 c6 3. Nc3 e6 4. Bf4 Nf6 5. f3 Bb4 6. Qb3 a5 7. a3 dxc4 8. Qxc4
Bxc3+ 9. Qxc3 Nd5 10. Qd2 Nd7 11. e4 Nxf4 12. Qxf4 O-O 13. Bc4 Nb6 14. Bd3 Qxd4
15. Qd2 Rd8 16. Rd1 Na4 17. b4 Nb2 18. Ne2 Qxd3 19. Qxd3 Rxd3 20. Rxd3 Nxd3+
21. Kd2 Ne5 22. Rd1 h6 23. Kc3 axb4+ 24. axb4 Ra3+ 25. Kb2 Rd3 26. Re1 b6 27.
Kc2 Rd8 28. Kb3 Ba6 29. Nc3 Bc4+ 30. Ka4 Ra8# 0-1

[Event "23. Torneo San Viator"]
[Site "Madrid ESP"]
[Date "2014.10.26"]
[Round "5.45"]
[White "Ortiz Alonso, Carlos"]
[Black "Perez Sempere, Alberto"]
[Result "0-1"]
[WhiteElo "1349"]
[BlackElo "1845"]
[PlyCount "79"]
[EventDate "2014.09.28"]
[EventType "swiss"]
[EventRounds "9"]
[EventCountry "ESP"]
[SourceTitle "Ajedrez en Madrid"]
[Source "lmi"]
[SourceDate "2014.09.28"]
[SourceVersion "1"]
[SourceVersionDate "2014.12.18"]
[SourceQuality "1"]

1. e4 c5 2. Nf3 Nc6 3. d4 cxd4 4. Nxd4 g6 5. c3 Bg7 6. Be3 Nf6 7. f3 O-O 8. Bd3
Qb6 9. Qd2 Qd8 10. O-O d5 11. Na3 dxe4 12. Bxe4 Nxe4 13. fxe4 Ne5 14. Rad1 a6
15. h3 b5 16. Nf3 Bb7 17. Qe2 Qc7 18. Bd4 Nxf3+ 19. Rxf3 e5 20. Bf2 f5 21. Rfd3
Bxe4 22. Rd7 Qc6 23. R1d6 Qc8 24. Bb6 Bc6 25. Rd8 Qb7 26. Rxf8+ Rxf8 27. Bc5
Re8 28. Nc2 Bf8 29. Rxc6 Qxc6 30. Bxf8 Kxf8 31. Nb4 Qd6 32. Nd3 e4 33. Nc1 Rd8
34. Nb3 Qd1+ 35. Qxd1 Rxd1+ 36. Kf2 Ke7 37. Nd4 Rd2+ 38. Kg3 Rxb2 39. Nc6+ Kd6
40. Nb4 0-1

[Event "23. Torneo San Viator"]
[Site "Madrid ESP"]
[Date "2014.10.26"]
[Round "5.46"]
[White "Fernandez Rodriguez, Alberto"]
[Black "Barahona Torrijos, Angel"]
[Result "0-1"]
[WhiteElo "1417"]
[BlackElo "1845"]
[PlyCount "112"]
[EventDate "2014.09.28"]
[EventType "swiss"]
[EventRounds "9"]
[EventCountry "ESP"]
[SourceTitle "Ajedrez en Madrid"]
[Source "lmi"]
[SourceDate "2014.09.28"]
[SourceVersion "1"]
[SourceVersionDate "2014.12.18"]
[SourceQuality "1"]

1. d4 Nc6 2. e4 e5 3. d5 Nce7 4. Nf3 Ng6 5. a3 Bc5 6. c4 a6 7. b4 Be7 8. Be2 d6
9. h3 f5 10. exf5 Bxf5 11. Bd3 Bxd3 12. Qxd3 Nf6 13. Nc3 O-O 14. O-O Nh5 15.
Ne2 Nhf4 16. Nxf4 Nxf4 17. Bxf4 Rxf4 18. Rae1 Qd7 19. Re3 Raf8 20. Qe2 Bf6 21.
Re4 Qf5 22. Rxf4 Qxf4 23. Nd2 c6 24. Ne4 Be7 25. Qd3 Rc8 26. dxc6 bxc6 27. Nxd6
Rd8 28. c5 Bxd6 29. cxd6 Qd4 30. Qxa6 Rxd6 31. Qc8+ Kf7 32. Qf5+ Rf6 33. Qxh7
e4 34. Qh5+ Ke7 35. Qc5+ Qxc5 36. bxc5 Rf5 37. Rc1 Ke6 38. Rc2 Kd5 39. a4 Kd4
40. a5 Rf7 41. a6 Ra7 42. Ra2 Kxc5 43. Kf1 Kb6 44. Ke2 Rxa6 45. Rxa6+ Kxa6 46.
Ke3 Kb5 47. h4 Kc4 48. Kxe4 c5 49. Ke3 Kc3 50. g4 c4 51. h5 Kb2 52. g5 c3 53.
h6 gxh6 54. gxh6 c2 55. h7 c1=Q+ 56. Ke2 Qh6 0-1

[Event "23. Torneo San Viator"]
[Site "Madrid ESP"]
[Date "2014.10.26"]
[Round "5.47"]
[White "Cortijo Manso, Luis"]
[Black "Borras Cerda, Carlos"]
[Result "1-0"]
[WhiteElo "1546"]
[BlackElo "1384"]
[PlyCount "72"]
[EventDate "2014.09.28"]
[EventType "swiss"]
[EventRounds "9"]
[EventCountry "ESP"]
[SourceTitle "Ajedrez en Madrid"]
[Source "lmi"]
[SourceDate "2014.09.28"]
[SourceVersion "1"]
[SourceVersionDate "2014.12.18"]
[SourceQuality "1"]

1. d4 d5 2. Nf3 c6 3. g3 Nf6 4. Bg2 Bf5 5. O-O Nbd7 6. Nbd2 e6 7. c4 Be7 8. Re1
Ne4 9. a3 h6 10. Qb3 Qb6 11. Qxb6 axb6 12. cxd5 exd5 13. Nf1 O-O 14. Ne3 Bh7
15. Nh4 Bxh4 16. gxh4 Ndf6 17. f3 Nd6 18. h3 Bf5 19. Ng4 Bxg4 20. hxg4 Rae8 21.
Bd2 Rd8 22. g5 hxg5 23. hxg5 Nh7 24. Bh3 g6 25. Kf2 Nf5 26. Bxf5 gxf5 27. Rh1
Kg7 28. Rag1 Rh8 29. Bf4 Rhe8 30. Be5+ Kg8 31. g6 Rxe5 32. gxh7+ Kh8 33. dxe5
d4 34. Rg8+ Rxg8 35. hxg8=Q+ Kxg8 36. Rh6 b5 1-0

[Event "23. Torneo San Viator"]
[Site "Madrid ESP"]
[Date "2014.10.26"]
[Round "5.48"]
[White "Gallego Romero, Manuel"]
[Black "Sirera Andres, Dario"]
[Result "1-0"]
[WhiteElo "1500"]
[BlackElo "1370"]
[PlyCount "89"]
[EventDate "2014.09.28"]
[EventType "swiss"]
[EventRounds "9"]
[EventCountry "ESP"]
[SourceTitle "Ajedrez en Madrid"]
[Source "lmi"]
[SourceDate "2014.09.28"]
[SourceVersion "1"]
[SourceVersionDate "2014.12.18"]
[SourceQuality "1"]

1. e4 c5 2. Bc4 d6 3. h3 Nf6 4. d3 g6 5. Nf3 Bg7 6. O-O O-O 7. Re1 Nc6 8. a3
Bd7 9. c3 a6 10. Be3 b5 11. Ba2 Rb8 12. Bg5 Qc7 13. Nbd2 Rfc8 14. Bf4 Nh5 15.
Bh2 b4 16. Nb3 bxc3 17. Nxc5 cxb2 18. Rb1 Rb5 19. Nxd7 Qxd7 20. Qa4 Ra5 21. Qb3
e6 22. Rbd1 Rb8 23. Qc2 Rxa3 24. Bb1 Nd4 25. Nxd4 Bxd4 26. Qe2 Rc8 27. g4 Ng7
28. Kg2 Ne8 29. Bf4 Kg7 30. Be3 Qa4 31. Bf4 Rcc3 32. Qd2 Qb4 33. Bh6+ Kg8 34.
Qg5 Bf6 35. Qe3 Qb7 36. Qf3 Ra1 37. h4 Qc6 38. Qe3 Bxh4 39. Rh1 Rc1 40. Rxc1
Qxc1 41. Rxc1 bxc1=Q 42. Qxc1 Bf6 43. Qc8 Bg7 44. Qxe8+ Bf8 45. Qxf8# 1-0

[Event "23. Torneo San Viator"]
[Site "Madrid ESP"]
[Date "2014.10.26"]
[Round "5.49"]
[White "Jimenez Manzano, Emiliano"]
[Black "Lianes Garcia, Alicia"]
[Result "1-0"]
[WhiteElo "1490"]
[BlackElo "1346"]
[PlyCount "109"]
[EventDate "2014.09.28"]
[EventType "swiss"]
[EventRounds "9"]
[EventCountry "ESP"]
[SourceTitle "Ajedrez en Madrid"]
[Source "lmi"]
[SourceDate "2014.09.28"]
[SourceVersion "1"]
[SourceVersionDate "2014.12.18"]
[SourceQuality "1"]

1. e4 e5 2. Nf3 Nc6 3. d4 Nxd4 4. Nxd4 exd4 5. Qxd4 Nf6 6. Nc3 b6 7. Be2 c5 8.
Qd3 Bb7 9. e5 Ng8 10. O-O d6 11. exd6 Qxd6 12. Qe3+ Be7 13. Bb5+ Bc6 14. Rd1
Qc7 15. Qf3 Rc8 16. Bf4 Qb7 17. Re1 Kf8 18. Bxc6 Qxc6 19. Qxc6 Rxc6 20. Rad1
Nf6 21. Bg5 h6 22. Bxf6 Bxf6 23. Ne4 Re6 24. Nxf6 Rxe1+ 25. Rxe1 gxf6 26. Rd1
Ke7 27. f3 Rd8 28. Re1+ Kd6 29. Kf2 c4 30. c3 b5 31. Re4 Kc5 32. b4+ Kd6 33. g4
Kd7 34. Ke3 Re8 35. Rxe8 Kxe8 36. Kd4 Kd7 37. Kc5 a6 38. Kb6 Kd6 39. Kxa6 Kc6
40. Ka5 f5 41. gxf5 f6 42. h4 h5 43. f4 Kd5 44. Kxb5 Ke4 45. Kxc4 Kxf5 46. b5
Kxf4 47. b6 f5 48. b7 Kg4 49. b8=Q f4 50. Qd8 f3 51. Qg8+ Kh3 52. Kd3 f2 53.
Ke2 f1=Q+ 54. Kxf1 Kh2 55. Qg2# 1-0

[Event "23. Torneo San Viator"]
[Site "Madrid ESP"]
[Date "2014.10.26"]
[Round "5.50"]
[White "Sanz Soriano, Ruben"]
[Black "Enriquez Pastor, Jorge"]
[Result "0-1"]
[WhiteElo "1304"]
[BlackElo "1445"]
[PlyCount "122"]
[EventDate "2014.09.28"]
[EventType "swiss"]
[EventRounds "9"]
[EventCountry "ESP"]
[SourceTitle "Ajedrez en Madrid"]
[Source "lmi"]
[SourceDate "2014.09.28"]
[SourceVersion "1"]
[SourceVersionDate "2014.12.18"]
[SourceQuality "1"]

1. e4 c6 2. Nc3 d5 3. d4 dxe4 4. Nxe4 Bf5 5. Nc3 Nf6 6. Nf3 e6 7. Be2 Be7 8.
O-O Nbd7 9. Bf4 Nd5 10. Nxd5 cxd5 11. c4 dxc4 12. Bxc4 O-O 13. d5 Nb6 14. Qc1
Nxd5 15. Rd1 Qa5 16. Bd2 Qb6 17. Bxd5 exd5 18. Be3 Qc6 19. Ne5 Qxc1 20. Raxc1
Be6 21. Rc2 Bf6 22. Bd4 b6 23. Nd7 Bxd7 24. Bxf6 Be6 25. Be7 Rfc8 26. Rxc8+
Rxc8 27. h3 h5 28. g4 hxg4 29. hxg4 Rc2 30. Ba3 Bxg4 31. Rxd5 Be6 32. Rd8+ Kh7
33. Ra8 Bxa2 34. Rxa7 Bd5 35. Ra6 Rc6 36. b4 Rg6+ 37. Kf1 Bc4+ 38. Ke1 Bxa6 39.
Bb2 Rg1+ 40. Kd2 Rg2 41. Ke3 f5 42. Be5 g5 43. f3 Re2+ 44. Kd4 Rxe5 45. Kxe5
Kg6 46. Kd4 Be2 47. Ke3 Bd1 48. Kd2 Bxf3 49. Ke3 Bc6 50. Kf2 f4 51. Kg1 Kf5 52.
Kf2 Ke4 53. Kg1 Ke3 54. Kf1 f3 55. Kg1 Ke2 56. Kh2 f2 57. Kg3 f1=Q 58. Kg4 Qf4+
59. Kh3 Bd7+ 60. Kg2 Qf2+ 61. Kh1 Bc6# 0-1

[Event "23. Torneo San Viator"]
[Site "Madrid ESP"]
[Date "2014.10.26"]
[Round "5.52"]
[White "Diaz Del Prado, Carlos"]
[Black "Jimenez Perez, Federico"]
[Result "1-0"]
[WhiteElo "1288"]
[BlackElo "1334"]
[PlyCount "77"]
[EventDate "2014.09.28"]
[EventType "swiss"]
[EventRounds "9"]
[EventCountry "ESP"]
[SourceTitle "Ajedrez en Madrid"]
[Source "lmi"]
[SourceDate "2014.09.28"]
[SourceVersion "1"]
[SourceVersionDate "2014.12.18"]
[SourceQuality "1"]

1. e4 c5 2. Nc3 g6 3. g3 Nf6 4. Bg2 Bg7 5. d3 O-O 6. f4 d6 7. h3 Nh5 8. Nce2 f5
9. Nf3 fxe4 10. dxe4 e5 11. c3 Bh6 12. fxe5 Bxc1 13. Rxc1 dxe5 14. Qxd8 Rxd8
15. Nxe5 Re8 16. Nd3 Nc6 17. Nxc5 Ne5 18. Rd1 b6 19. Nd3 Bb7 20. O-O Rad8 21.
Ndf4 Nc4 22. Rxd8 Rxd8 23. Nxh5 gxh5 24. b3 Ne3 25. Rf4 Rd1+ 26. Kf2 Nxg2 27.
Kxg2 Rd2 28. Kf1 Rxa2 29. e5 Ra1+ 30. Kf2 Rh1 31. h4 Rh2+ 32. Ke3 Bc8 33. Nd4
Rh1 34. Ke4 Re1+ 35. Kd5 Re3 36. e6 Bb7+ 37. Kd6 Rxc3 38. e7 Rc8 39. Kd7 1-0

[Event "23. Torneo San Viator"]
[Site "Madrid ESP"]
[Date "2014.11.02"]
[Round "6.1"]
[White "Renteria, Jorge"]
[Black "Lopez Benitez, David"]
[Result "1-0"]
[WhiteElo "2313"]
[BlackElo "1709"]
[PlyCount "59"]
[EventDate "2014.09.28"]
[EventType "swiss"]
[EventRounds "9"]
[EventCountry "ESP"]
[SourceTitle "Ajedrez en Madrid"]
[Source "lmi"]
[SourceDate "2014.09.28"]
[SourceVersion "1"]
[SourceVersionDate "2014.12.18"]
[SourceQuality "1"]

1. d4 Nf6 2. c4 g6 3. Nc3 Bg7 4. e4 d6 5. h3 O-O 6. Be3 e5 7. d5 Nh5 8. Be2 Nf4
9. Bf3 g5 10. g3 Ng6 11. Qd2 f6 12. O-O-O a5 13. Nge2 Nd7 14. h4 Nb6 15. Qd3 g4
16. Bg2 h5 17. c5 Nd7 18. c6 Nb8 19. cxb7 Bxb7 20. f3 Bc8 21. fxg4 Bxg4 22.
Rdf1 Qd7 23. Bf3 f5 24. Bxg4 fxg4 25. Rf5 Rxf5 26. exf5 Ne7 27. Rf1 Bf6 28. Bg5
Kg7 29. Qe3 Nxf5 30. Bxf6+ 1-0

[Event "23. Torneo San Viator"]
[Site "Madrid ESP"]
[Date "2014.11.02"]
[Round "6.2"]
[White "Lobato Rivero, Carlos"]
[Black "Elissalt Cardenas, Hector"]
[Result "0-1"]
[WhiteElo "2009"]
[BlackElo "2334"]
[PlyCount "98"]
[EventDate "2014.09.28"]
[EventType "swiss"]
[EventRounds "9"]
[EventCountry "ESP"]
[SourceTitle "Ajedrez en Madrid"]
[Source "lmi"]
[SourceDate "2014.09.28"]
[SourceVersion "1"]
[SourceVersionDate "2014.12.18"]
[SourceQuality "1"]

1. e4 d6 2. d4 Nf6 3. Nc3 c6 4. h3 Qa5 5. Bd3 e5 6. Nf3 Nbd7 7. O-O h6 8. Be3
Be7 9. Nh4 Nf8 10. Nf5 Bxf5 11. exf5 N8d7 12. f4 O-O-O 13. Qd2 exd4 14. Bxd4 d5
15. Rfe1 Bc5 16. Bxc5 Qxc5+ 17. Qf2 Rhe8 18. Qxc5 Nxc5 19. Kf2 Rxe1 20. Rxe1
Re8 21. Rxe8+ Nxe8 22. g4 Nd6 23. b4 Nd7 24. Ne2 b6 25. Ng3 Kc7 26. Nh5 Ne8 27.
g5 hxg5 28. fxg5 Kd6 29. Ke3 Ke5 30. c3 b5 31. Ng3 a6 32. Ne2 c5 33. h4 Nd6 34.
g6 fxg6 35. fxg6 cxb4 36. cxb4 Nf6 37. Bc2 Nc4+ 38. Kd3 Nh5 39. Nd4 Nf4+ 40.
Kc3 Ne3 41. Nc6+ Kd6 42. Nb8 d4+ 43. Kd2 Nc4+ 44. Ke1 d3 45. Bb3 a5 46. bxa5
Nxa5 47. Bf7 Nc4 48. a4 Ng2+ 49. Kd1 Nge3+ 0-1

[Event "23. Torneo San Viator"]
[Site "Madrid ESP"]
[Date "2014.11.02"]
[Round "6.3"]
[White "Nunez Miranda, Adrian"]
[Black "Luna Hermoso, Angel"]
[Result "1-0"]
[WhiteElo "2120"]
[BlackElo "1955"]
[PlyCount "49"]
[EventDate "2014.09.28"]
[EventType "swiss"]
[EventRounds "9"]
[EventCountry "ESP"]
[SourceTitle "Ajedrez en Madrid"]
[Source "lmi"]
[SourceDate "2014.09.28"]
[SourceVersion "1"]
[SourceVersionDate "2014.12.18"]
[SourceQuality "1"]

1. e4 e5 2. Bc4 Nc6 3. d3 Nf6 4. Nc3 Bb4 5. Nge2 d6 6. O-O Bg4 7. h3 Bh5 8. Bg5
Nd4 9. f3 Bc5 10. Kh1 Ne6 11. Bh4 c6 12. Qd2 b5 13. Bb3 h6 14. Bg3 Qb6 15. Nd1
Ng5 16. h4 O-O-O 17. Bh2 Ne6 18. Bxe6+ fxe6 19. b4 Bd4 20. c3 d5 21. cxd4 dxe4
22. dxe4 exd4 23. Qd3 Bg6 24. Nf2 Nd5 25. Nf4 1-0

[Event "23. Torneo San Viator"]
[Site "Madrid ESP"]
[Date "2014.11.02"]
[Round "6.4"]
[White "Garcia-Ruiz Fuentes, Angel M"]
[Black "Ruiz Sanchez, Roberto"]
[Result "1/2-1/2"]
[WhiteElo "2062"]
[BlackElo "1910"]
[PlyCount "40"]
[EventDate "2014.09.28"]
[EventType "swiss"]
[EventRounds "9"]
[EventCountry "ESP"]
[SourceTitle "Ajedrez en Madrid"]
[Source "lmi"]
[SourceDate "2014.09.28"]
[SourceVersion "1"]
[SourceVersionDate "2014.12.18"]
[SourceQuality "1"]

1. e4 e5 2. Nf3 Nc6 3. Bb5 a6 4. Bxc6 dxc6 5. Nc3 Bc5 6. d3 Ne7 7. Nxe5 Bxf2+
8. Kxf2 Qd4+ 9. Be3 Qxe5 10. Qf3 Ng6 11. Ke2 f5 12. d4 fxe4 13. Qxe4 Qxe4 14.
Nxe4 Bg4+ 15. Kd2 O-O-O 16. Ng5 Rhf8 17. h3 Bd7 18. Rhf1 Rxf1 19. Rxf1 Rf8 20.
Rxf8+ Nxf8 1/2-1/2

[Event "23. Torneo San Viator"]
[Site "Madrid ESP"]
[Date "2014.11.02"]
[Round "6.5"]
[White "San Felipe Gonzalez, Tomas"]
[Black "Vazquez Gonzalez, Jesus"]
[Result "0-1"]
[WhiteElo "1700"]
[BlackElo "2034"]
[PlyCount "104"]
[EventDate "2014.09.28"]
[EventType "swiss"]
[EventRounds "9"]
[EventCountry "ESP"]
[SourceTitle "Ajedrez en Madrid"]
[Source "lmi"]
[SourceDate "2014.09.28"]
[SourceVersion "1"]
[SourceVersionDate "2014.12.18"]
[SourceQuality "1"]

1. d4 c5 2. d5 e5 3. c4 d6 4. e4 g6 5. Bd3 Bg7 6. Ne2 Ne7 7. Ng3 O-O 8. Qc2 f5
9. exf5 Nxf5 10. Bxf5 Bxf5 11. Nxf5 Rxf5 12. Be3 Nd7 13. Nc3 a6 14. Rd1 Qa5 15.
O-O Raf8 16. Ne4 Qc7 17. Ng5 Qc8 18. Ne6 R8f7 19. g4 R5f6 20. Bg5 Rf3 21. Bh4
Nf8 22. Ng5 Qxg4+ 23. Kh1 Qxh4 24. Nxf7 Kxf7 25. Rd3 Qe4 26. Rd2 Qf4 27. Rg1 e4
28. Re2 Be5 29. Rg2 e3 30. Rxe3 Rxe3 31. fxe3 Qxe3 32. Qf2+ Qxf2 33. Rxf2+ Ke7
34. a4 Nd7 35. b3 Nf6 36. h3 Ne4 37. Rf3 Nc3 38. Kg2 b5 39. axb5 axb5 40. Rf1
b4 41. Ra1 Kf6 42. Ra7 h5 43. Ra8 Ne4 44. Rf8+ Kg5 45. Rf3 Nd2 46. Rd3 Bc3 47.
Rg3+ Kf5 48. Re3 Nxb3 49. Kf3 Nd2+ 50. Ke2 Nxc4 51. Rf3+ Ke4 52. Rg3 Ne5 0-1

[Event "23. Torneo San Viator"]
[Site "Madrid ESP"]
[Date "2014.11.02"]
[Round "6.6"]
[White "Cabanas Bravo, Juan Andres"]
[Black "Uceda Martinez, Jacinto"]
[Result "1-0"]
[WhiteElo "2058"]
[BlackElo "1795"]
[PlyCount "122"]
[EventDate "2014.09.28"]
[EventType "swiss"]
[EventRounds "9"]
[EventCountry "ESP"]
[SourceTitle "Ajedrez en Madrid"]
[Source "lmi"]
[SourceDate "2014.09.28"]
[SourceVersion "1"]
[SourceVersionDate "2014.12.18"]
[SourceQuality "1"]

1. e4 c5 2. Nf3 a6 3. Nc3 Nc6 4. d4 cxd4 5. Nxd4 e6 6. Be3 Bb4 7. Nxc6 bxc6 8.
Qd4 Bxc3+ 9. Qxc3 f6 10. Bc4 Ne7 11. O-O-O Qc7 12. g3 Qe5 13. Qxe5 fxe5 14. Rd6
O-O 15. a4 Kh8 16. Bc5 Rf7 17. a5 Ng8 18. Rhd1 Nf6 19. f3 g5 20. g4 Kg7 21. h4
h6 22. hxg5 hxg5 23. Rh1 Ne8 24. Rd3 d5 25. Bb3 Rb8 26. Rh5 Kg6 27. Be3 Rxf3
28. Rxg5+ Kf6 29. Rg8 Kf7 30. Rf8+ Kxf8 31. Bc5+ Kg7 32. Rxf3 Rb5 33. Bf8+ Kg8
34. Be7 Bd7 35. Bd8 Rb4 36. exd5 exd5 37. g5 Kg7 38. Be7 Rf4 39. Rxf4 exf4 40.
Kd2 Kg6 41. c4 d4 42. Bc2+ Bf5 43. Bd1 Ng7 44. Bf3 Bd7 45. Kd3 Bf5+ 46. Kxd4
Ne6+ 47. Ke5 Nxg5 48. Bxc6 f3 49. Bc5 Bd3 50. b3 Kh5 51. Bb7 Kg4 52. Bf2 Bc2
53. b4 Bd3 54. Bc8+ Kh5 55. Kd4 Bc2 56. Bxa6 Ne4 57. Be3 f2 58. Bxf2 Nxf2 59.
Bb7 Kg5 60. a6 Nd3 61. Kc3 Bb1 1-0

[Event "23. Torneo San Viator"]
[Site "Madrid ESP"]
[Date "2014.11.02"]
[Round "6.7"]
[White "Rodriguez Bittar, Karim Javier"]
[Black "Perdomo Araujo, Angel Eduardo"]
[Result "0-1"]
[WhiteElo "1786"]
[BlackElo "2055"]
[PlyCount "78"]
[EventDate "2014.09.28"]
[EventType "swiss"]
[EventRounds "9"]
[EventCountry "ESP"]
[SourceTitle "Ajedrez en Madrid"]
[Source "lmi"]
[SourceDate "2014.09.28"]
[SourceVersion "1"]
[SourceVersionDate "2014.12.18"]
[SourceQuality "1"]

1. e4 e6 2. d3 d5 3. Nd2 Nf6 4. Ngf3 Bb4 5. c3 Be7 6. Be2 O-O 7. O-O c5 8. e5
Nfd7 9. d4 Nc6 10. Re1 f6 11. exf6 Nxf6 12. Nf1 Bd6 13. Bd3 h6 14. dxc5 Bxc5
15. Be3 Bd6 16. Qc2 Ng4 17. Qe2 e5 18. Bc2 e4 19. Nd4 Nxd4 20. Bxd4 Qh4 21. g3
Qh3 22. Bb3 Be6 23. c4 Be5 24. Bc5 d4 25. Bxf8 Rxf8 26. Qxe4 Rxf2 27. Re2 Rxe2
28. Qxe2 Bf5 29. c5+ Kh8 30. Qc4 Kh7 31. Qg8+ Kg6 32. Qf7+ Kg5 33. Re1 Nxh2 34.
Rxe5 Qxf1+ 35. Kxh2 Qh3+ 36. Kg1 Qxg3+ 37. Kf1 Qxe5 38. Qxb7 Bh3+ 39. Kf2 Qe3#
0-1

[Event "23. Torneo San Viator"]
[Site "Madrid ESP"]
[Date "2014.11.02"]
[Round "6.8"]
[White "Quispe Arteaga, Gabriel"]
[Black "Garcia Galeote, Lorenzo"]
[Result "1/2-1/2"]
[WhiteElo "1777"]
[BlackElo "1950"]
[PlyCount "52"]
[EventDate "2014.09.28"]
[EventType "swiss"]
[EventRounds "9"]
[EventCountry "ESP"]
[SourceTitle "Ajedrez en Madrid"]
[Source "lmi"]
[SourceDate "2014.09.28"]
[SourceVersion "1"]
[SourceVersionDate "2014.12.18"]
[SourceQuality "1"]

1. d4 b6 2. c4 Bb7 3. Nf3 e6 4. g3 f5 5. Bg2 Nf6 6. O-O Be7 7. Nc3 O-O 8. b3 d6
9. Bb2 Qe8 10. Rc1 Ne4 11. Nxe4 Bxe4 12. Qd2 Qh5 13. Ne1 Bg5 14. f4 Bxg2 15.
Nxg2 Bf6 16. c5 dxc5 17. dxc5 Rd8 18. Qc2 Nd7 19. cxb6 cxb6 20. Rfd1 Bxb2 21.
Qxb2 Nf6 22. Ne3 Rac8 23. Rxd8+ Rxd8 24. Qc2 Qe8 25. Rd1 Rxd1+ 26. Qxd1 Qd7
1/2-1/2

[Event "23. Torneo San Viator"]
[Site "Madrid ESP"]
[Date "2014.11.02"]
[Round "6.9"]
[White "Sotoca Aguado, Jose"]
[Black "Sahuquillo Cruz, Alejandro"]
[Result "1-0"]
[WhiteElo "1948"]
[BlackElo "1766"]
[PlyCount "115"]
[EventDate "2014.09.28"]
[EventType "swiss"]
[EventRounds "9"]
[EventCountry "ESP"]
[SourceTitle "Ajedrez en Madrid"]
[Source "lmi"]
[SourceDate "2014.09.28"]
[SourceVersion "1"]
[SourceVersionDate "2014.12.18"]
[SourceQuality "1"]

1. e4 c5 2. Nf3 Nc6 3. Bb5 g6 4. O-O Bg7 5. c3 Nf6 6. d3 O-O 7. h3 b6 8. Bf4
Bb7 9. Nbd2 d6 10. Re1 e5 11. Bh2 Nd7 12. Nf1 Ndb8 13. Ne3 Ba6 14. Bxa6 Nxa6
15. Qa4 Nab8 16. Nd5 Ne7 17. d4 Nxd5 18. exd5 f6 19. b4 Nd7 20. bxc5 bxc5 21.
Qc6 Nb6 22. dxe5 fxe5 23. Rad1 Qd7 24. Ng5 Rfd8 25. Ne4 Rac8 26. Qxd7 Rxd7 27.
Bg3 Rf8 28. f3 Bf6 29. Re2 Be7 30. Bf2 Rb7 31. Rb2 Rc8 32. a4 Rd7 33. a5 Nc4
34. Rb5 a6 35. Rb3 Bd8 36. Rdb1 Nxa5 37. Ra3 Kg7 38. Rba1 Nb7 39. Rxa6 Be7 40.
Rb1 Nd8 41. Be3 Nf7 42. Rbb6 Rcc7 43. Kf1 Ra7 44. Ke2 Rxa6 45. Rxa6 Rb7 46. Kd3
Rd7 47. Kc4 Nd8 48. Bg5 Bxg5 49. Nxg5 h6 50. Ne4 Nb7 51. Kb5 Kf7 52. Kb6 Ke7
53. Ra7 Nd8 54. Rc7 Nf7 55. Kb7 Nd8+ 56. Kc8 Rxc7+ 57. Kxc7 Nf7 58. c4 1-0

[Event "23. Torneo San Viator"]
[Site "Madrid ESP"]
[Date "2014.11.02"]
[Round "6.10"]
[White "Garcia Sanjuan, Jose"]
[Black "Perez Ordonez, Jose Ramon"]
[Result "0-1"]
[WhiteElo "1895"]
[BlackElo "1513"]
[PlyCount "60"]
[EventDate "2014.09.28"]
[EventType "swiss"]
[EventRounds "9"]
[EventCountry "ESP"]
[SourceTitle "Ajedrez en Madrid"]
[Source "lmi"]
[SourceDate "2014.09.28"]
[SourceVersion "1"]
[SourceVersionDate "2014.12.18"]
[SourceQuality "1"]

1. b3 e5 2. Bb2 Nc6 3. e3 Nf6 4. Nf3 Bd6 5. Bb5 Qe7 6. h3 a6 7. Bxc6 dxc6 8. d4
exd4 9. Bxd4 Bf5 10. O-O c5 11. Bb2 O-O-O 12. Qe2 g5 13. g4 Be4 14. Nxg5 Bc6
15. Nd2 h5 16. Bxf6 Qxf6 17. Nde4 Qg6 18. Nxd6+ cxd6 19. f4 Rde8 20. Rad1 d5
21. Qd3 Qg7 22. Qf5+ Kb8 23. Rde1 f6 24. Ne6 Qe7 25. Nxc5 Qxc5 26. Kf2 hxg4 27.
Qxf6 Qxc2+ 28. Re2 g3+ 29. Kf3 d4+ 30. e4 Qd3+ 0-1